书目信息 |
| 题名: |
文明的冲突与世界秩序的重建
|
|
| 作者: | 亨廷顿 著 ;周琪 译 | |
| 分册: | ||
| 出版信息: | 北京 新华出版社 1998 |
|
| 页数: | 432页 | |
| 开本: | 20cm | |
| 丛书名: | 国际问题参考译丛 | |
| 单 册: | ||
| 中图分类: | D5 | |
| 科图分类: | ||
| 主题词: | 国际政治 | |
| 电子资源: | ||
| ISBN: | 7-5011-3872-9 | |
| 000 | 00774nam2 2200253 45 | |
| 001 | 0198038175 | |
| 005 | 20041231110202.4 | |
| 010 | @a7-5011-3872-9@dCNY29.80 | |
| 100 | @a19980707d1998 kemy0chiy0121 ea | |
| 101 | 1 | @achi@ceng |
| 102 | @aCN@b110000 | |
| 105 | @ay z 000yy | |
| 200 | 10 | @a文明的冲突与世界秩序的重建@Awen ming de chong tu yu shi jie zhi xu de chong jian@f(美)塞缪尔·亨廷顿著@F(Mei)Sai Miao Er·Heng Ting Dun Zhu@g周琪等译 |
| 210 | @a北京@c新华出版社@d1998 | |
| 215 | @a432页@d20cm | |
| 225 | 2 | @a国际问题参考译丛 |
| 300 | @a内部发行 | |
| 410 | 0 | @120010@a国际问题参考译丛 |
| 606 | @a国际政治 | |
| 690 | @aD5@v3 | |
| 701 | 0 | @a亨廷顿@4著 |
| 702 | 0 | @a周琪@Azhou qi@4译 |
| 801 | @aCN@bTSTC@c20031115 | |
| 905 | @b328546-550@dD5@e100@f5@a213230 | |
| 文明的冲突与世界秩序的重建/(美)塞缪尔·亨廷顿著/周琪等译.-北京:新华出版社,1998 |
| 432页;20cm.-(国际问题参考译丛) |
| 内部发行 |
| ISBN 7-5011-3872-9:CNY29.80 |
| ● |
| 相关链接 |
|
|
|
|
正题名:文明的冲突与世界秩序的重建
索取号:D5/100
 
预约/预借
| 序号 | 登录号 | 条形码 | 馆藏地/架位号 | 状态 | 备注 |
| 1 | 0328546 | 203285462 | 第一借阅区/ [索取号:D5/100] | 在馆 | |
| 2 | 0328547 | 203285471 | 第一借阅区/ [索取号:D5/100] | 在馆 | |
| 3 | 0328548 | 203285480 | 第一借阅区/ [索取号:D5/100] | 在馆 | |
| 4 | 0328549 | 203285499 | 第一借阅区/ [索取号:D5/100] | 在馆 | |
| 5 | 0328550 | 203285505 | 第一样本阅览室/ [索取号:D5/100] | 在馆 | |
| 6 | 0329078 | 203290786 | 第一借阅区/ [索取号:D5/100] | 在馆 | |
| 7 | 0329079 | 203290795 | 第一借阅区/ [索取号:D5/100] | 在馆 | |
| 8 | 0329080 | 203290802 | 第一借阅区/ [索取号:D5/100] | 在馆 | |
| 9 | 0329081 | 203290811 | 第一借阅区/ [索取号:D5/100] | 在馆 | |
| 10 | 0329082 | 203290820 | 第一借阅区/ [索取号:D5/100] | 在馆 |